[Event "Dortmund op-A"]
[Site "Dortmund"]
[Date "2003.08.02"]
[Round "2"]
[White "Pommrich, Rainer"]
[Black "Babczyk, Adrian"]
[Result "1-0"]
[WhiteElo "2031"]
[BlackElo "1741"]
[PlyCount "73"]
[EventDate "2003.08.01"]
[EventType "swiss"]
[EventRounds "9"]
[EventCountry "GER"]
[SourceTitle "CBM 095 Extra"]
[Source "ChessBase"]
[SourceDate "2003.09.04"]
[SourceVersion "1"]
[SourceVersionDate "2003.09.04"]
[SourceQuality "1"]

1. e4 c5 2. Nf3 d6 3. d4 cxd4 4. Nxd4 e5 5. Nf3 Nf6 6. Nc3 Nc6 7. Bc4 Be7 8. Bg5 a6 9. a4 Be6 10. Qe2 Rc8 11. Bxf6 Bxf6 12. Nd5 Nb4 13. 0-0 Nxd5 14. Bxd5 Bxd5 15. exd5 0-0 16. c4 Qb6 17. Rfc1 Rc7 18. Rc2 Rfc8 19. Nd2 Be7 20. Ra3 f5 21. g4 f4 22. Ne4 Qa5 23. Qd2 Qxd2 24. Nxd2 b5 25. axb5 axb5 26. b3 bxc4 27. bxc4 Rc5 28. Ra7 Kf8 29. Rb2 R8c7 30. Ra6 h6 31. Kf1 f3 32. Rb3 Ke8 33. Rxf3 Rb7 34. Ra8+ Kd7 35. Rf7 g5 36. Ne4 Rc8 37. Rxe7+ 1-0

[Event "NRW-ch U14"]
[Site "Kranenburg"]
[Date "2003.04.26"]
[Round "7"]
[White "Babczyk, Adrian"]
[Black "Lazarev, Stanislaw"]
[Result "1/2-1/2"]
[WhiteElo "1677"]
[BlackElo "1344"]
[PlyCount "75"]
[EventDate "2003.04.??"]
[EventType "swiss"]
[EventRounds "7"]
[EventCountry "GER"]
[SourceTitle "EXT 2005"]
[Source "ChessBase"]
[SourceDate "2004.11.15"]
[SourceVersion "1"]
[SourceVersionDate "2004.11.15"]
[SourceQuality "1"]

1. Nf3 c5 2. d4 cxd4 3. Nxd4 Nc6 4. Nc3 g6 5. e4 Bg7 6. Be3 e6 7. Be2 Nge7 8. Qd2 d5 9. exd5 Nxd5 10. Nxd5 Qxd5 11. Bf3 Qd7 12. Nxc6 bxc6 13. Qb4 Bb7 14. Rd1 Qc8 15. Bc5 Rb8 16. Bxa7 Ra8 17. Bb6 c5 18. Qh4 0-0 19. Qg3 Bxf3 20. Qxf3 Rxa2 21. b3 Rxc2 22. 0-0 Rc3 23. Rd3 Rxd3 24. Qxd3 Qc6 25. Ba5 Ra8 26. Bc3 Bxc3 27. Qxc3 Ra3 28. Rd1 Qc7 29. Qf6 Ra2 30. Rc1 Qd8 31. Qc3 Qd4 32. h3 Qxc3 33. Rxc3 Ra1+ 34. Kh2 Rb1 35. Kg3 Kg7 36. Kf4 Kf6 37. Ke4 Ke7 38. g4 1/2-1/2

[Event "NRW-ch U14"]
[Site "Kranenburg"]
[Date "2003.04.24"]
[Round "5"]
[White "Kanevski, Vladyslav"]
[Black "Babczyk, Adrian"]
[Result "1-0"]
[WhiteElo "1677"]
[BlackElo "1677"]
[PlyCount "116"]
[EventDate "2003.04.??"]
[EventType "swiss"]
[EventRounds "7"]
[EventCountry "GER"]
[SourceTitle "EXT 2005"]
[Source "ChessBase"]
[SourceDate "2004.11.15"]
[SourceVersion "1"]
[SourceVersionDate "2004.11.15"]
[SourceQuality "1"]

1. d4 Nf6 2. Nf3 g6 3. Bf4 Bg7 4. e3 d5 5. h3 0-0 6. Bd3 e6 7. 0-0 Nbd7 8. Nbd2 c5 9. c3 b6 10. Ne5 Nxe5 11. Bxe5 Nd7 12. Bg3 e5 13. dxe5 Nxe5 14. Bc2 Ba6 15. Re1 Nd3 16. Bxd3 Bxd3 17. Nf3 Ba6 18. Qd2 Re8 19. Rad1 Bb7 20. Qc2 Rc8 21. Qb3 Re4 22. Nd2 Re6 23. Nf3 Qe7 24. Bh4 Bf6 25. Bg3 Re8 26. a3 Bc6 27. Qc2 Qb7 28. Qc1 Rc8 29. Qd2 Rce8 30. Bh2 Bd8 31. Bf4 Bf6 32. Bg3 Qe7 33. Bf4 g5 34. Bg3 Kg7 35. b4 h5 36. Kf1 g4 37. hxg4 hxg4 38. Ng1 Bh4 39. Bf4 Bg5 40. Bg3 Rh6 41. Qe2 Rh1 42. b5 Bd7 43. Rxd5 Be6 44. Bd6 Bxd5 45. Bxe7 Rxe7 46. Qxg4 Kh6 47. c4 Re4 48. f4 Bxc4+ 49. Kf2 Bh4+ 50. g3 Rh2+ 51. Kf3 Bd5 52. gxh4 Ra4+ 53. e4 Rxa3+ 54. Re3 Raa2 55. exd5 Rhf2+ 56. Ke4 Ra4+ 57. Kf5 Rd2 58. Qg5+ Kh7 1-0

[Event "NRW-ch U14"]
[Site "Kranenburg"]
[Date "2003.04.23"]
[Round "4"]
[White "Babczyk, Adrian"]
[Black "Volkov, Mykyta"]
[Result "1/2-1/2"]
[WhiteElo "1677"]
[BlackElo "1717"]
[PlyCount "109"]
[EventDate "2003.04.??"]
[EventType "swiss"]
[EventRounds "7"]
[EventCountry "GER"]
[SourceTitle "EXT 2005"]
[Source "ChessBase"]
[SourceDate "2004.11.15"]
[SourceVersion "1"]
[SourceVersionDate "2004.11.15"]
[SourceQuality "1"]

1. Nf3 Nf6 2. d4 e6 3. c4 b6 4. Nc3 Bb7 5. Bg5 h6 6. Bh4 d5 7. e3 Be7 8. Be2 0-0 9. 0-0 Nbd7 10. Rc1 Rc8 11. h3 c5 12. b3 dxc4 13. Bxc4 Ne4 14. Nxe4 Bxe4 15. Bg3 Bxf3 16. Qxf3 cxd4 17. exd4 Nf6 18. Ba6 Rxc1 19. Rxc1 Qxd4 20. Rd1 Qb2 21. a4 Bc5 22. Bd6 Bxd6 23. Rxd6 Qc1+ 24. Rd1 Qc7 25. Qb7 Qxb7 26. Bxb7 Rb8 27. Ba6 Nd5 28. Rd4 Rd8 29. Kf1 Kf8 30. Ke1 Ke7 31. Bc4 a5 32. f4 Rd6 33. Kf2 h5 34. Kf3 Nf6 35. Rxd6 Kxd6 36. g3 Nd7 37. Ke4 Nc5+ 38. Ke3 f6 39. Kd4 g5 40. fxg5 fxg5 41. h4 g4 42. Ke3 Ke5 43. Bb5 Ne4 44. Be8 Nxg3 45. Kf2 Ne4+ 46. Ke3 g3 47. Kf3 Nd2+ 48. Kxg3 Nxb3 49. Bxh5 Nc5 50. Bd1 Kf5 51. Bc2+ Kf6 52. Kf4 e5+ 53. Ke3 e4 54. Bxe4 Nxa4 55. Kd4 1/2-1/2

[Event "NRW-ch U14"]
[Site "Kranenburg"]
[Date "2003.04.21"]
[Round "1"]
[White "Krutwig, Longlong"]
[Black "Babczyk, Adrian"]
[Result "1/2-1/2"]
[WhiteElo "1862"]
[BlackElo "1677"]
[PlyCount "99"]
[EventDate "2003.04.??"]
[EventType "swiss"]
[EventRounds "7"]
[EventCountry "GER"]
[SourceTitle "EXT 2005"]
[Source "ChessBase"]
[SourceDate "2004.11.15"]
[SourceVersion "1"]
[SourceVersionDate "2004.11.15"]
[SourceQuality "1"]

1. d4 Nf6 2. c4 c5 3. d5 b5 4. cxb5 a6 5. bxa6 Bxa6 6. Nc3 g6 7. f4 d6 8. Nf3 Bg7 9. e4 Bxf1 10. Rxf1 0-0 11. Kf2 Nbd7 12. Kg1 Ra7 13. Qe2 Qa8 14. h3 Rb8 15. Rd1 Nb6 16. Rb1 Na4 17. Ra1 Nxc3 18. bxc3 Ra4 19. Nd2 Rxa2 20. Rxa2 Qxa2 21. Qd3 Nd7 22. Rf1 Qa1 23. c4 Qd4+ 24. Qxd4 Bxd4+ 25. Kh2 Rb4 26. Re1 Nb6 27. e5 Nxc4 28. exd6 exd6 29. Re8+ Kg7 30. Rd8 Nxd2 31. Bxd2 Rb6 32. Ba5 Ra6 33. Bc7 Be3 34. g3 c4 35. Bxd6 h5 36. Bf8+ Kf6 37. Rc8 h4 38. Rc6+ Rxc6 39. dxc6 Ke6 40. Bb4 Bb6 41. gxh4 Kd5 42. Kg3 Kxc6 43. Kg4 Kd5 44. f5 Bd8 45. fxg6 fxg6 46. h5 gxh5+ 47. Kxh5 Bf6 48. Kg6 Be5 49. h4 c3 50. Bxc3 1/2-1/2

[Event "Ruhrgebiet-ch U14"]
[Site "Muelheim"]
[Date "2003.04.15"]
[Round "5"]
[White "Heyden, Jonas"]
[Black "Babczyk, Adrian"]
[Result "0-1"]
[WhiteElo "1605"]
[BlackElo "1677"]
[PlyCount "122"]
[EventDate "2003.04.??"]
[EventType "swiss"]
[EventRounds "7"]
[EventCountry "GER"]
[SourceTitle "EXT 2005"]
[Source "ChessBase"]
[SourceDate "2004.11.15"]
[SourceVersion "1"]
[SourceVersionDate "2004.11.15"]
[SourceQuality "1"]

1. d4 Nf6 2. c4 c5 3. dxc5 e6 4. Nf3 Bxc5 5. Nc3 0-0 6. Bg5 Be7 7. e3 b6 8. Be2 Bb7 9. 0-0 d6 10. h3 Nbd7 11. Rc1 d5 12. cxd5 Nxd5 13. Bxe7 Qxe7 14. Qa4 Nc5 15. Qa3 Qf6 16. Rfd1 Rfd8 17. Nxd5 Bxd5 18. b4 Ne4 19. Rc7 a5 20. Rdc1 g6 21. b5 Nc5 22. Nd4 Qe5 23. R7xc5 bxc5 24. Qxc5 Qd6 25. Qxd6 Rxd6 26. Nc6 Kf8 27. Rd1 Rd7 28. Rc1 Rc7 29. a4 Rac8 30. Bf3 Bxf3 31. gxf3 Ke8 32. Kg2 f6 33. Ra1 Rd7 34. Nxa5 Ra8 35. Nc6 Rb7 36. Nd4 e5 37. Nb3 Ke7 38. Kf1 Kd8 39. Ke2 Rc8 40. e4 Rc2+ 41. Ke1 Rb2 42. Na5 Rd7 43. Nc6+ Kc7 44. Rc1 Kb6 45. Nb8 Rdd2 46. Rc6+ Kb7 47. Na6 Re2+ 48. Kd1 Rxf2 49. Nc5+ Ka8 50. Rc8+ Ka7 51. Rc7+ Kb8 52. Na6+ Ka8 53. Rc8+ Kb7 54. Rc7+ Kb6 55. Kc1 Rbe2 56. Rc6+ Ka5 57. Kb1 Re1+ 58. Rc1 Rxc1+ 59. Kxc1 Rxf3 60. h4 Ra3 61. Nc5 Rc3+ 0-1

[Event "GER-chT U16"]
[Site "Burg Stargard"]
[Date "2002.12.30"]
[Round "7.3"]
[White "Babczyk, Adrian"]
[Black "Speitel, Sebastian"]
[Result "0-1"]
[WhiteElo "1776"]
[BlackElo "1615"]
[PlyCount "160"]
[EventDate "2002.12.27"]
[EventType "team"]
[EventRounds "7"]
[EventCountry "GER"]
[SourceTitle "CBM 092 Extra"]
[Source "ChessBase"]
[SourceDate "2003.03.07"]
[SourceVersion "1"]
[SourceVersionDate "2003.03.07"]
[SourceQuality "1"]

1. e4 e6 2. d4 d5 3. Nc3 Bb4 4. Bd2 Nf6 5. e5 Nfd7 6. f4 a6 7. Nf3 c5 8. Ne2 Bxd2+ 9. Qxd2 Nc6 10. c3 h6 11. g4 cxd4 12. cxd4 Qa5 13. Qxa5 Nxa5 14. b3 Nc6 15. h4 f6 16. Nc3 Rf8 17. Rh3 fxe5 18. fxe5 Rf4 19. 0-0-0 Rxg4 20. Be2 Rf4 21. Rg3 Kf8 22. h5 Ne7 23. Bd3 Nf5 24. Bxf5 Rxf5 25. Rdg1 Rf7 26. Nh4 Kg8 27. Ng6 b5 28. Nxd5 Bb7 29. Nde7+ Kh7 30. Rc3 Nb6 31. Rc7 Be4 32. d5 Nxd5 33. Nxd5 Rxc7+ 34. Nxc7 Rc8 35. Kb2 Rxc7 36. Nf8+ Kg8 37. Nxe6 Re7 38. Re1 Bf3 39. Nf4 Rf7 40. Ne6 Bxh5 41. Nc5 a5 42. e6 Re7 43. Kc3 Re8 44. Kd4 Kf8 45. Ke5 Ke7 46. Re3 Rf8 47. Nb7 Rf6 48. Nc5 Bg4 49. Rg3 h5 50. Rg1 g6 51. Ne4 Rxe6+ 52. Kf4 Bf5 53. Ng5 Rd6 54. Re1+ Kd7 55. Nf7 Rd4+ 56. Kf3 h4 57. Ne5+ Kc7 58. Rc1+ Kb7 59. Kf2 Rd2+ 60. Kg1 h3 61. Re1 Rxa2 62. Nf3 Rg2+ 63. Kh1 a4 64. bxa4 bxa4 65. Ra1 Be4 66. Rxa4 Bxf3 67. Ra7+ Kc6 68. Ra6+ Kd7 69. Rd6+ Ke7 70. Re6+ Kf7 71. Re7+ Kf6 72. Re6+ Kf5 73. Rf6+ Ke4 74. Rf4+ Ke3 75. Rxf3+ Ke2 76. Re3+ Kf1 77. Re1+ Kf2 78. Re2+ Kg3 79. Rxg2+ hxg2+ 80. Kg1 Kh3 0-1